=LDR 00000nam 2200000 4500 =001 INLIS000000000022052 =005 20260409105821 =035 ##$$a 0010-061300000022052 =008 260409################g##########0#ind## =041 ##$$a Ind =082 ##$$a 813 =090 ##$$a 813, Sup s =100 ##$$a Supriatin, Yeni Mulyani =245 1#$$a Si Kabayan /$c Yeni Mulyani Supriatin =260 ##$$a Jakarta :$b Pusat Bahasa Depdiknas,$c 2004 =300 ##$$a vii, 56 hlm. : $b ilus. ; $c 14x22 cm. =650 #4$$a Fiksi - Kanak-kanak =850 ##$$a NBPNMAT =084 ##$$a 813 SUP s =990 ##$$a 16971697 =990 ##$$a 30617837